00389nam a2200145Ia 4500100001700000942000700017654001300024245003100037260002000068082002000088300000800108546001200116999001700128952009800145 aWhalen/ Ed.  cBK acomputer aT.Y. Oracle 8 in 21 days bTechmediac1998 a005.133'O'bWHA a604 aENGLISH c20298d20298 001040708CRCaCRCEbCRCEd2023-03-17l0o005.133'O' WHAp11474r2023-03-17w2023-03-17yBK